[Event "50+ World Senior Team Championship"]
[Site "chess24.com"]
[Date "2017.04.28"]
[Round "5"]
[White "Gruenfeld, Yehuda"]
[Black "Ivanov, Sergey"]
[Result "0-1"]
[Board "2"]
[WhiteElo "2410"]
[WhiteTitle "GM"]
[WhiteCountry "ISR"]
[WhiteFideId "2800020"]
[WhiteEloChange "-3"]
[BlackElo "2530"]
[BlackTitle "GM"]
[BlackCountry "RUS"]
[BlackFideId "4101375"]
[BlackEloChange "3"]

1. e4 {[%clk 1:29:08]} c5 {[%clk 1:30:53]} 2. Nf3 {[%clk 1:28:54]} e6 {[%clk
1:31:13]} 3. d4 {[%clk 1:29:17]} cxd4 {[%clk 1:31:37]} 4. Nxd4 {[%clk 1:29:43]}
Nc6 {[%clk 1:31:59]} 5. Nc3 {[%clk 1:30:07]} Qc7 {[%clk 1:32:15]} 6. g3 {[%clk
1:30:02]} a6 {[%clk 1:32:08]} 7. Bg2 {[%clk 1:30:26]} h5 {[%clk 1:32:00]} 8. O-O
{[%clk 1:26:39]} Nf6 {[%clk 1:32:09]} 9. Re1 {[%clk 1:26:02]} Nxd4 {[%clk
1:29:37]} 10. Qxd4 {[%clk 1:25:22]} Bc5 {[%clk 1:29:58]} 11. Qd3 {[%clk 1:24:31]}
Ng4 {[%clk 1:29:19]} 12. Nd1 {[%clk 1:24:23]} d6 {[%clk 1:24:39]} 13. Qe2 {[%clk
1:21:30]} Bd7 {[%clk 1:23:35]} 14. a4 {[%clk 1:17:49]} Rc8 {[%clk 1:20:37]} 15.
h3 {[%clk 1:17:17]} Ne5 {[%clk 1:20:06]} 16. Be3 {[%clk 1:17:37]} h4 {[%clk
1:17:28]} 17. g4 {[%clk 1:16:16]} Ng6 {[%clk 1:15:13]} 18. Qd2 {[%clk 1:07:34]}
O-O {[%clk 1:12:01]} 19. c3 {[%clk 1:06:31]} Rfd8 {[%clk 1:08:27]} 20. a5 {[%clk
1:00:56]} Bxe3 {[%clk 0:57:52]} 21. Nxe3 {[%clk 1:00:25]} Nf4 {[%clk 0:52:31]}
22. Nd5 {[%clk 0:58:51]} Nxh3+ {[%clk 0:51:47]} 23. Bxh3 {[%clk 0:59:16]} exd5
{[%clk 0:52:09]} 24. Qxd5 {[%clk 0:52:37]} Re8 {[%clk 0:50:28]} 25. Qg5 {[%clk
0:52:27]} Qc4 {[%clk 0:45:43]} 26. Bg2 {[%clk 0:42:16]} h3 {[%clk 0:43:39]} 27.
Bxh3 {[%clk 0:41:40]} Rxe4 {[%clk 0:43:51]} 28. f3 {[%clk 0:41:21]} Rxe1+ {[%clk
0:41:42]} 29. Rxe1 {[%clk 0:41:33]} Qc5+ {[%clk 0:32:53]} 30. Qxc5 {[%clk
0:41:46]} Rxc5 {[%clk 0:33:15]} 31. Rd1 {[%clk 0:39:44]} d5 {[%clk 0:30:23]} 32.
Ra1 {[%clk 0:36:34]} d4 {[%clk 0:29:26]} 33. cxd4 {[%clk 0:37:01]} Rc2 {[%clk
0:29:39]} 34. d5 {[%clk 0:36:48]} Rxb2 {[%clk 0:26:36]} 35. Rc1 {[%clk 0:37:13]}
Rb5 {[%clk 0:23:13]} 36. Rc7 {[%clk 0:37:34]} Rxd5 {[%clk 0:23:20]} 37. Rxb7
{[%clk 0:37:59]} Be6 {[%clk 0:20:11]} 38. f4 {[%clk 0:36:32]} g6 {[%clk 0:19:31]}
39. Ra7 {[%clk 0:33:37]} Rxa5 {[%clk 0:19:19]} 40. f5 {[%clk 1:04:04]} gxf5
{[%clk 0:48:40]} 41. gxf5 {[%clk 1:04:28]} Bc4 {[%clk 0:47:01]} 42. f6 {[%clk
1:03:33]} Kh7 {[%clk 0:46:21]} 43. Rc7 {[%clk 1:03:57]} Bd5 {[%clk 0:46:07]} 44.
Rd7 {[%clk 1:03:01]} Kg6 {[%clk 0:44:56]} 45. Rd6 {[%clk 1:03:29]} Be4 {[%clk
0:42:33]} 46. Bf1 {[%clk 1:03:04]} Rg5+ {[%clk 0:36:39]} 47. Kh2 {[%clk 1:03:15]}
a5 {[%clk 0:36:36]} 48. Ra6 {[%clk 1:03:02]} Rc5 {[%clk 0:35:34]} 49. Kg3 {[%clk
1:01:51]} Bf5 {[%clk 0:34:05]} 50. Kf4 {[%clk 0:59:56]} Be6 {[%clk 0:34:05]} 51.
Bd3+ {[%clk 1:00:16]} Kxf6 {[%clk 0:34:25]} 52. Be4 {[%clk 1:00:40]} Ke7 {[%clk
0:33:36]} 53. Ke3 {[%clk 1:00:48]} f5 {[%clk 0:31:12]} 54. Bb1 {[%clk 0:59:56]}
Re5+ {[%clk 0:25:50]} 55. Kf4 {[%clk 0:59:45]} Rd5 {[%clk 0:25:04]} 56. Kg5
{[%clk 0:58:56]} Bc8 {[%clk 0:22:32]} 57. Rc6 {[%clk 0:58:38]} Bd7 {[%clk
0:22:45]} 58. Ra6 {[%clk 0:59:02]} a4 {[%clk 0:22:01]} 59. Kf4 {[%clk 0:59:07]}
Rc5 {[%clk 0:15:38]} 60. Bd3 {[%clk 0:58:07]} Kd8 {[%clk 0:13:39]} 61. Ra7 {[%clk
0:57:54]} Ke7 {[%clk 0:13:19]} 62. Ra6 {[%clk 0:57:58]} Rd5 {[%clk 0:12:51]} 63.
Bc2 {[%clk 0:57:09]} Rd2 {[%clk 0:11:11]} 64. Bb1 {[%clk 0:57:35]} Rd4+ {[%clk
0:09:57]} 65. Ke5 {[%clk 0:57:07]} Rb4 {[%clk 0:09:53]} 66. Bd3 {[%clk 0:56:22]}
Rb3 {[%clk 0:09:53]} 67. Bc2 {[%clk 0:55:45]} Rc3 {[%clk 0:08:38]} 68. Bxf5
{[%clk 0:54:59]} Rc5+ {[%clk 0:08:03]} 69. Ke4 {[%clk 0:55:24]} Rxf5 {[%clk
0:07:54]} 70. Rxa4 {[%clk 0:55:45]} Rh5 {[%clk 0:07:36]} 71. Ra6 {[%clk 0:56:05]}
Be6 {[%clk 0:07:54]} 72. Ra1 {[%clk 0:55:36]} Bd5+ {[%clk 0:08:07]} 73. Kf4
{[%clk 0:55:57]} Kf6 {[%clk 0:08:30]} 74. Rc1 {[%clk 0:54:56]} Rf5+ {[%clk
0:08:22]} 75. Ke3 {[%clk 0:54:38]} Ke5 {[%clk 0:08:42]} 76. Rc8 {[%clk 0:55:03]}
Rf3+ {[%clk 0:09:02]} 77. Ke2 {[%clk 0:55:24]} Kd4 {[%clk 0:09:11]} 78. Rc2
{[%clk 0:52:42]} Rh3 {[%clk 0:09:03]} 79. Rd2+ {[%clk 0:51:42]} Ke4 {[%clk
0:09:26]} 80. Kd1 {[%clk 0:51:50]} Rc3 {[%clk 0:08:52]} 81. Re2+ {[%clk 0:51:00]}
Kf4 {[%clk 0:09:15]} 82. Kd2 {[%clk 0:51:18]} Ra3 {[%clk 0:09:29]} 83. Re8 {[%clk
0:49:15]} Be4 {[%clk 0:09:48]} 84. Rf8+ {[%clk 0:49:26]} Ke5 {[%clk 0:10:02]} 85.
Rd8 {[%clk 0:49:10]} Bd5 {[%clk 0:10:25]} 86. Ke2 {[%clk 0:49:00]} Kd4 {[%clk
0:10:20]} 87. Kf2 {[%clk 0:49:04]} Rf3+ {[%clk 0:10:37]} 88. Ke2 {[%clk 0:47:47]}
Rf5 {[%clk 0:10:10]} 89. Rd6 {[%clk 0:46:51]} Rf8 {[%clk 0:10:26]} 90. Rd7 {[%clk
0:47:08]} Rg8 {[%clk 0:10:45]} 91. Kf1 {[%clk 0:47:15]} Rg5 {[%clk 0:11:04]} 92.
Rd8 {[%clk 0:47:37]} Ke3 {[%clk 0:11:10]} 0-1

[Event "50+ World Senior Team Championship"]
[Site "chess24.com"]
[Date "2017.04.28"]
[Round "5"]
[White "Ionov, Sergey"]
[Black "Maryasin, Boris"]
[Result "1/2-1/2"]
[Board "3"]
[WhiteElo "2535"]
[WhiteTitle "GM"]
[WhiteCountry "RUS"]
[WhiteFideId "4100875"]
[WhiteEloChange "-3"]
[BlackElo "2335"]
[BlackTitle "IM"]
[BlackCountry "ISR"]
[BlackFideId "2801892"]
[BlackEloChange "5"]

1. d4 {[%clk 1:28:59]} d5 {[%clk 1:30:27]} 2. c4 {[%clk 1:29:03]} c6 {[%clk
1:30:23]} 3. Nf3 {[%clk 1:28:02]} Nf6 {[%clk 1:30:36]} 4. e3 {[%clk 1:27:13]} e6
{[%clk 1:29:25]} 5. b3 {[%clk 1:24:26]} Nbd7 {[%clk 1:27:49]} 6. Bb2 {[%clk
1:22:12]} Ne4 {[%clk 1:25:37]} 7. Bd3 {[%clk 1:11:38]} f5 {[%clk 1:24:43]} 8. O-O
{[%clk 1:10:19]} Bd6 {[%clk 1:24:29]} 9. Ne5 {[%clk 1:03:34]} Nxe5 {[%clk
1:20:44]} 10. dxe5 {[%clk 1:03:59]} Be7 {[%clk 1:21:03]} 11. Ba3 {[%clk 0:50:25]}
O-O {[%clk 1:18:09]} 12. Bxe7 {[%clk 0:45:44]} Qxe7 {[%clk 1:18:28]} 13. f3
{[%clk 0:40:41]} Nc5 {[%clk 1:16:53]} 14. Be2 {[%clk 0:40:56]} Qc7 {[%clk
1:12:37]} 15. Qd4 {[%clk 0:35:05]} Nd7 {[%clk 1:12:03]} 16. f4 {[%clk 0:35:30]}
b6 {[%clk 1:11:08]} 17. cxd5 {[%clk 0:35:27]} cxd5 {[%clk 1:07:22]} 18. Nc3
{[%clk 0:35:46]} Nc5 {[%clk 1:06:57]} 19. Rac1 {[%clk 0:31:32]} Qe7 {[%clk
1:06:46]} 20. b4 {[%clk 0:27:16]} Ne4 {[%clk 1:06:40]} 21. Nxe4 {[%clk 0:24:32]}
fxe4 {[%clk 1:06:18]} 22. Rc3 {[%clk 0:20:11]} Bb7 {[%clk 1:06:00]} 23. Rfc1
{[%clk 0:20:14]} Rac8 {[%clk 1:06:00]} 24. Bg4 {[%clk 0:20:38]} Rxc3 {[%clk
1:04:34]} 25. Rxc3 {[%clk 0:20:56]} g5 {[%clk 1:00:41]} 26. g3 {[%clk 0:16:59]}
gxf4 {[%clk 1:00:46]} 27. exf4 {[%clk 0:17:25]} Rc8 {[%clk 0:58:42]} 28. Kf2
{[%clk 0:14:19]} Qd7 {[%clk 0:54:11]} 29. Ke3 {[%clk 0:13:19]} Ba6 {[%clk
0:53:34]} 30. Rxc8+ {[%clk 0:11:40]} Qxc8 {[%clk 0:53:27]} 31. Kd2 {[%clk
0:11:57]} Kf7 {[%clk 0:51:49]} 32. a3 {[%clk 0:08:37]} Ke7 {[%clk 0:47:12]} 33.
Bd1 {[%clk 0:08:32]} Bb5 {[%clk 0:44:57]} 1/2-1/2

[Event "50+ World Senior Team Championship"]
[Site "chess24.com"]
[Date "2017.04.28"]
[Round "5"]
[White "Huzman, Alexander"]
[Black "Vaganian, Rafael A"]
[Result "1/2-1/2"]
[Board "1"]
[WhiteElo "2550"]
[WhiteTitle "GM"]
[WhiteCountry "ISR"]
[WhiteFideId "2803828"]
[BlackElo "2560"]
[BlackTitle "GM"]
[BlackCountry "ARM"]
[BlackFideId "13300016"]

1. d4 {[%clk 1:30:30]} e6 {[%clk 1:25:16]} 2. c4 {[%clk 1:31:02]} d5 {[%clk
1:25:32]} 3. Nf3 {[%clk 1:31:00]} Nf6 {[%clk 1:25:48]} 4. g3 {[%clk 1:31:21]}
Bb4+ {[%clk 1:26:00]} 5. Bd2 {[%clk 1:30:42]} Be7 {[%clk 1:26:00]} 6. Bg2 {[%clk
1:29:49]} O-O {[%clk 1:26:09]} 7. O-O {[%clk 1:29:42]} c6 {[%clk 1:24:57]} 8. Qc2
{[%clk 1:28:21]} Nbd7 {[%clk 1:22:30]} 9. Bf4 {[%clk 1:20:37]} b6 {[%clk
1:18:26]} 10. Rd1 {[%clk 1:14:31]} Bb7 {[%clk 1:17:15]} 11. Nc3 {[%clk 1:10:42]}
dxc4 {[%clk 1:16:31]} 12. Nd2 {[%clk 1:09:32]} Nd5 {[%clk 1:16:33]} 13. Nxc4
{[%clk 1:09:54]} Nxf4 {[%clk 1:16:55]} 14. gxf4 {[%clk 1:10:20]} Qc7 {[%clk
1:14:57]} 15. e3 {[%clk 1:06:30]} 1/2-1/2

[Event "50+ World Senior Team Championship"]
[Site "chess24.com"]
[Date "2017.04.28"]
[Round "5"]
[White "Minasian, Artashes"]
[Black "Greenfeld, Alon"]
[Result "1-0"]
[Board "2"]
[WhiteElo "2480"]
[WhiteTitle "GM"]
[WhiteCountry "ARM"]
[WhiteFideId "13300040"]
[WhiteEloChange "6"]
[BlackElo "2550"]
[BlackTitle "GM"]
[BlackCountry "ISR"]
[BlackFideId "2800039"]
[BlackEloChange "-6"]

1. g3 {[%clk 1:30:51]} Nf6 {[%clk 1:29:26]} 2. Bg2 {[%clk 1:31:13]} d5 {[%clk
1:29:21]} 3. Nf3 {[%clk 1:31:04]} g6 {[%clk 1:27:21]} 4. d3 {[%clk 1:30:36]} Bg7
{[%clk 1:27:19]} 5. Nbd2 {[%clk 1:30:52]} O-O {[%clk 1:23:37]} 6. O-O {[%clk
1:31:16]} c5 {[%clk 1:21:48]} 7. e4 {[%clk 1:24:21]} Nc6 {[%clk 1:21:52]} 8. Re1
{[%clk 1:18:54]} e5 {[%clk 1:15:02]} 9. exd5 {[%clk 1:06:19]} Nxd5 {[%clk
1:15:16]} 10. Nc4 {[%clk 1:06:39]} f6 {[%clk 1:14:51]} 11. c3 {[%clk 1:04:24]}
Be6 {[%clk 1:12:34]} 12. Ncd2 {[%clk 0:47:34]} Qd7 {[%clk 1:05:46]} 13. d4 {[%clk
0:45:22]} cxd4 {[%clk 0:51:24]} 14. cxd4 {[%clk 0:45:13]} Ndb4 {[%clk 0:42:52]}
15. Nb3 {[%clk 0:30:13]} Qf7 {[%clk 0:39:05]} 16. Bd2 {[%clk 0:18:09]} Nd3 {[%clk
0:30:10]} 17. Re2 {[%clk 0:17:57]} Nxb2 {[%clk 0:29:02]} 18. Qc2 {[%clk 0:11:25]}
Nc4 {[%clk 0:27:22]} 19. dxe5 {[%clk 0:10:40]} N4xe5 {[%clk 0:26:18]} 20. Nxe5
{[%clk 0:10:41]} fxe5 {[%clk 0:19:02]} 21. Qc5 {[%clk 0:04:09]} Rac8 {[%clk
0:15:52]} 22. Qe3 {[%clk 0:04:31]} Bc4 {[%clk 0:15:42]} 23. Ree1 {[%clk 0:04:44]}
Nd4 {[%clk 0:14:38]} 24. Nxd4 {[%clk 0:05:06]} exd4 {[%clk 0:15:02]} 25. Qf4
{[%clk 0:05:33]} d3 {[%clk 0:13:29]} 26. Rab1 {[%clk 0:05:34]} Qxf4 {[%clk
0:11:44]} 27. gxf4 {[%clk 0:05:23]} b6 {[%clk 0:10:16]} 28. a4 {[%clk 0:05:28]}
Ba2 {[%clk 0:10:31]} 29. Rb5 {[%clk 0:03:51]} Rfd8 {[%clk 0:09:20]} 30. a5 {[%clk
0:01:09]} Rc2 {[%clk 0:09:01]} 31. axb6 {[%clk 0:01:30]} a6 {[%clk 0:08:41]} 32.
Ra5 {[%clk 0:00:32]} Rxd2 {[%clk 0:08:53]} 33. b7 {[%clk 0:00:53]} Kf8 {[%clk
0:04:22]} 34. Rxa6 {[%clk 0:00:59]} Re2 {[%clk 0:04:23]} 35. Rd1 {[%clk 0:01:10]}
Bc4 {[%clk 0:04:37]} 36. Ra8 {[%clk 0:01:14]} Ree8 {[%clk 0:03:41]} 37. Bc6
{[%clk 0:01:41]} Rxa8 {[%clk 0:03:29]} 38. bxa8Q {[%clk 0:02:05]} Rxa8 {[%clk
0:03:55]} 39. Bxa8 {[%clk 0:02:31]} Bc3 {[%clk 0:04:00]} 40. Bd5 {[%clk 0:32:03]}
Bb5 {[%clk 0:34:14]} 41. Bf3 {[%clk 0:27:31]} d2 {[%clk 0:26:54]} 42. Rb1 {[%clk
0:27:44]} Ba4 {[%clk 0:24:56]} 43. Bd1 {[%clk 0:26:03]} Bxd1 {[%clk 0:25:13]} 44.
Rxd1 {[%clk 0:26:29]} Ke7 {[%clk 0:25:29]} 45. Kf1 {[%clk 0:21:54]} Ke6 {[%clk
0:21:31]} 46. Ke2 {[%clk 0:22:17]} Kd5 {[%clk 0:21:46]} 47. Kd3 {[%clk 0:21:33]}
Bb4 {[%clk 0:14:41]} 48. h3 {[%clk 0:21:53]} Ba5 {[%clk 0:13:03]} 49. Ra1 {[%clk
0:21:43]} Bb4 {[%clk 0:13:06]} 1-0

[Event "50+ World Senior Team Championship"]
[Site "chess24.com"]
[Date "2017.04.28"]
[Round "5"]
[White "Soffer, Ram"]
[Black "Movsziszian, Karen"]
[Result "1/2-1/2"]
[Board "3"]
[WhiteElo "2508"]
[WhiteTitle "GM"]
[WhiteCountry "ISR"]
[WhiteFideId "2800101"]
[BlackElo "2483"]
[BlackTitle "GM"]
[BlackCountry "ARM"]
[BlackFideId "13301152"]

1. c4 {[%clk 1:30:44]} g6 {[%clk 1:30:10]} 2. g3 {[%clk 1:30:58]} Bg7 {[%clk
1:30:38]} 3. Bg2 {[%clk 1:31:24]} d6 {[%clk 1:30:25]} 4. Nc3 {[%clk 1:31:46]} e5
{[%clk 1:29:50]} 5. e4 {[%clk 1:31:26]} Nc6 {[%clk 1:29:15]} 6. d3 {[%clk
1:31:10]} Nge7 {[%clk 1:27:15]} 7. Nge2 {[%clk 1:31:22]} O-O {[%clk 1:27:42]} 8.
O-O {[%clk 1:31:29]} a6 {[%clk 1:27:47]} 9. Nd5 {[%clk 1:30:59]} Nxd5 {[%clk
1:19:26]} 10. cxd5 {[%clk 1:30:54]} Ne7 {[%clk 1:14:37]} 11. d4 {[%clk 1:19:26]}
exd4 {[%clk 1:11:59]} 12. Nxd4 {[%clk 1:19:27]} c5 {[%clk 1:11:37]} 13. dxc6
{[%clk 1:16:37]} Nxc6 {[%clk 1:07:34]} 14. Nxc6 {[%clk 1:09:51]} bxc6 {[%clk
1:06:47]} 15. Rb1 {[%clk 1:09:22]} Be6 {[%clk 1:02:55]} 16. Qa4 {[%clk 1:04:29]}
Qb6 {[%clk 1:02:48]} 17. b3 {[%clk 1:02:01]} Qb5 {[%clk 0:53:06]} 18. Qa3 {[%clk
1:02:20]} d5 {[%clk 0:43:04]} 19. Bb2 {[%clk 1:00:28]} d4 {[%clk 0:39:14]} 20.
Rbc1 {[%clk 0:59:18]} Rfd8 {[%clk 0:38:50]} 21. Qc5 {[%clk 0:58:21]} Rac8 {[%clk
0:37:05]} 22. Rfd1 {[%clk 0:53:22]} Qe2 {[%clk 0:19:21]} 23. Bxd4 {[%clk
0:49:10]} Bxd4 {[%clk 0:19:45]} 24. Rxd4 {[%clk 0:49:34]} Rxd4 {[%clk 0:20:13]}
25. Qxd4 {[%clk 0:49:55]} Qxa2 {[%clk 0:20:41]} 26. b4 {[%clk 0:48:53]} Qa3
{[%clk 0:20:53]} 27. Ra1 {[%clk 0:36:29]} c5 {[%clk 0:21:11]} 28. Rxa3 {[%clk
0:32:02]} cxd4 {[%clk 0:21:25]} 29. Bf1 {[%clk 0:32:26]} Rb8 {[%clk 0:10:12]} 30.
Bxa6 {[%clk 0:31:44]} Rxb4 {[%clk 0:10:40]} 31. Kf1 {[%clk 0:30:38]} Rb2 {[%clk
0:05:42]} 32. Bd3 {[%clk 0:29:42]} Bg4 {[%clk 0:05:05]} 33. Ke1 {[%clk 0:29:20]}
Rb4 {[%clk 0:04:30]} 34. Kd2 {[%clk 0:28:21]} Kg7 {[%clk 0:04:41]} 35. Bc2 {[%clk
0:27:25]} h5 {[%clk 0:04:51]} 36. Ra4 {[%clk 0:26:44]} Rxa4 {[%clk 0:04:16]} 37.
Bxa4 {[%clk 0:27:13]} Kf6 {[%clk 0:02:31]} 38. Kd3 {[%clk 0:26:13]} Ke5 {[%clk
0:01:09]} 39. f4+ {[%clk 0:25:47]} Kd6 {[%clk 0:01:38]} 40. Kxd4 {[%clk 0:56:08]}
Be6 {[%clk 0:31:46]} 41. Bd1 {[%clk 0:47:52]} Bh3 {[%clk 0:24:52]} 42. Bb3 {[%clk
0:43:20]} Ke7 {[%clk 0:24:01]} 43. Ke3 {[%clk 0:42:43]} Kf6 {[%clk 0:19:43]} 44.
Bc4 {[%clk 0:42:37]} Ke7 {[%clk 0:19:46]} 45. Bd3 {[%clk 0:40:02]} Kf6 {[%clk
0:20:04]} 46. Kf2 {[%clk 0:38:50]} Ke7 {[%clk 0:20:26]} 47. Bf1 {[%clk 0:39:06]}
Bc8 {[%clk 0:20:53]} 48. h4 {[%clk 0:39:17]} Bd7 {[%clk 0:19:52]} 49. Ke3 {[%clk
0:39:37]} Bc8 {[%clk 0:18:58]} 50. Be2 {[%clk 0:37:44]} Bd7 {[%clk 0:19:16]} 51.
Bd1 {[%clk 0:33:46]} Bh3 {[%clk 0:18:25]} 52. f5 {[%clk 0:31:50]} Kf6 {[%clk
0:15:05]} 53. Kf4 {[%clk 0:29:45]} gxf5 {[%clk 0:15:16]} 54. e5+ {[%clk 0:30:10]}
Kg6 {[%clk 0:15:38]} 55. Bc2 {[%clk 0:29:10]} Bg4 {[%clk 0:16:04]} 56. Bd3 {[%clk
0:24:06]} Bh3 {[%clk 0:16:33]} 57. Bb1 {[%clk 0:23:43]} Bg4 {[%clk 0:16:55]} 58.
Bc2 {[%clk 0:24:03]} Bh3 {[%clk 0:17:23]} 59. Bd3 {[%clk 0:23:24]} Bg4 {[%clk
0:17:49]} 60. Bb1 {[%clk 0:23:35]} Bh3 {[%clk 0:18:18]} 61. Bc2 {[%clk 0:23:51]}
Bg4 {[%clk 0:18:45]} 62. Ba4 {[%clk 0:24:11]} Be2 {[%clk 0:16:59]} 63. Bd7 {[%clk
0:24:02]} Bd3 {[%clk 0:17:24]} 64. Ke3 {[%clk 0:24:18]} Bc2 {[%clk 0:14:32]} 65.
Kd4 {[%clk 0:24:29]} Kg7 {[%clk 0:14:45]} 66. Kc5 {[%clk 0:24:40]} Kf8 {[%clk
0:14:23]} 67. Kd6 {[%clk 0:25:04]} Be4 {[%clk 0:14:11]} 68. Bb5 {[%clk 0:23:54]}
Bf3 {[%clk 0:14:16]} 69. Bd3 {[%clk 0:23:52]} Bg4 {[%clk 0:14:41]} 70. Bc2 {[%clk
0:23:01]} Bh3 {[%clk 0:13:14]} 71. Bd1 {[%clk 0:21:43]} Bg4 {[%clk 0:13:44]} 72.
Ba4 {[%clk 0:21:45]} Bh3 {[%clk 0:14:04]} 73. Bd7 {[%clk 0:21:46]} Bg4 {[%clk
0:14:21]} 74. Bb5 {[%clk 0:21:28]} Bh3 {[%clk 0:14:46]} 75. Bc4 {[%clk 0:21:32]}
Bg4 {[%clk 0:15:08]} 76. Kd5 {[%clk 0:21:09]} Ke7 {[%clk 0:14:59]} 77. Kd4 {[%clk
0:21:21]} f6 {[%clk 0:14:42]} 78. Bb3 {[%clk 0:20:35]} Be2 {[%clk 0:07:04]} 79.
Bc2 {[%clk 0:15:56]} Bg4 {[%clk 0:07:05]} 80. Bb3 {[%clk 0:16:12]} Be2 {[%clk
0:07:18]} 81. exf6+ {[%clk 0:15:58]} Kxf6 {[%clk 0:07:45]} 82. Ke3 {[%clk
0:16:23]} Bg4 {[%clk 0:07:25]} 83. Kf4 {[%clk 0:16:47]} Kg6 {[%clk 0:05:39]} 84.
Ke5 {[%clk 0:17:03]} Kh6 {[%clk 0:05:15]} 85. Kf6 {[%clk 0:17:20]} Be2 {[%clk
0:05:42]} 86. Kxf5 {[%clk 0:17:28]} Bg4+ {[%clk 0:06:10]} 87. Kf4 {[%clk
0:17:46]} Be2 {[%clk 0:06:37]} 88. Bd5 {[%clk 0:18:00]} Bd1 {[%clk 0:07:04]} 89.
Bf3 {[%clk 0:18:23]} Bc2 {[%clk 0:07:29]} 90. g4 {[%clk 0:18:25]} 1/2-1/2

[Event "50+ World Senior Team Championship"]
[Site "chess24.com"]
[Date "2017.04.28"]
[Round "5"]
[White "Viljava, Tapani"]
[Black "Speelman, Jon S"]
[Result "1/2-1/2"]
[Board "3"]
[WhiteElo "2187"]
[WhiteCountry "FIN"]
[WhiteFideId "500607"]
[WhiteEloChange "7"]
[BlackElo "2511"]
[BlackTitle "GM"]
[BlackCountry "ENG"]
[BlackFideId "400033"]
[BlackEloChange "-4"]

1. e4 {[%clk 1:30:30]} c6 {[%clk 1:29:10]} 2. d4 {[%clk 1:28:35]} d5 {[%clk
1:29:34]} 3. Nc3 {[%clk 1:28:37]} dxe4 {[%clk 1:29:39]} 4. Nxe4 {[%clk 1:29:04]}
Nd7 {[%clk 1:30:04]} 5. c3 {[%clk 1:25:27]} Ngf6 {[%clk 1:30:06]} 6. Nxf6+ {[%clk
1:25:33]} Nxf6 {[%clk 1:30:31]} 7. Bd3 {[%clk 1:25:50]} Qd5 {[%clk 1:24:31]} 8.
Nf3 {[%clk 1:22:52]} Bg4 {[%clk 1:24:29]} 9. Be2 {[%clk 1:23:11]} e6 {[%clk
1:23:46]} 10. O-O {[%clk 1:20:44]} Bd6 {[%clk 1:23:19]} 11. h3 {[%clk 1:20:23]}
Bh5 {[%clk 1:23:04]} 12. Re1 {[%clk 1:13:27]} Rd8 {[%clk 1:19:55]} 13. Qb3 {[%clk
1:09:06]} Qxb3 {[%clk 1:19:23]} 14. axb3 {[%clk 1:09:35]} a6 {[%clk 1:19:47]} 15.
Bg5 {[%clk 1:05:54]} h6 {[%clk 1:19:01]} 16. Bxf6 {[%clk 1:05:26]} gxf6 {[%clk
1:19:25]} 17. Ra5 {[%clk 1:03:29]} Bg6 {[%clk 1:18:22]} 18. Nd2 {[%clk 1:00:37]}
Bc7 {[%clk 1:16:43]} 19. Ra4 {[%clk 0:58:09]} O-O {[%clk 1:12:29]} 20. Bf3 {[%clk
0:50:11]} e5 {[%clk 1:11:02]} 21. Ne4 {[%clk 0:48:54]} exd4 {[%clk 1:09:59]} 22.
Rxd4 {[%clk 0:38:24]} Be5 {[%clk 1:08:22]} 23. Rdd1 {[%clk 0:36:11]} b6 {[%clk
1:04:41]} 24. b4 {[%clk 0:35:32]} Kg7 {[%clk 1:04:48]} 1/2-1/2

[Event "50+ World Senior Team Championship"]
[Site "chess24.com"]
[Date "2017.04.28"]
[Round "5"]
[White "Plaskett, H James"]
[Black "Papadimitriou, Loukas"]
[Result "1/2-1/2"]
[Board "1"]
[WhiteElo "2458"]
[WhiteTitle "GM"]
[WhiteCountry "ENG"]
[WhiteFideId "400238"]
[WhiteEloChange "-4"]
[BlackElo "2003"]
[BlackCountry "GRE"]
[BlackFideId "4204662"]
[BlackEloChange "8"]

1. e4 {[%clk 1:25:06]} e5 {[%clk 1:30:47]} 2. Nc3 {[%clk 1:24:33]} Nf6 {[%clk
1:31:08]} 3. Bc4 {[%clk 1:24:47]} Nc6 {[%clk 1:30:40]} 4. d3 {[%clk 1:25:01]} Bc5
{[%clk 1:29:21]} 5. f4 {[%clk 1:24:43]} d6 {[%clk 1:29:39]} 6. Nf3 {[%clk
1:25:10]} a6 {[%clk 1:29:35]} 7. f5 {[%clk 1:22:42]} h6 {[%clk 1:29:01]} 8. Qe2
{[%clk 1:18:49]} Nd4 {[%clk 1:26:04]} 9. Nxd4 {[%clk 1:18:56]} Bxd4 {[%clk
1:25:41]} 10. Bd2 {[%clk 1:14:43]} b5 {[%clk 1:22:32]} 11. Bb3 {[%clk 1:13:01]}
Bb7 {[%clk 1:20:26]} 12. g4 {[%clk 1:00:18]} c6 {[%clk 1:04:30]} 13. Nd1 {[%clk
0:55:18]} a5 {[%clk 0:59:57]} 14. a3 {[%clk 0:46:46]} Qc7 {[%clk 0:48:15]} 15. c3
{[%clk 0:42:48]} Bb6 {[%clk 0:47:37]} 16. a4 {[%clk 0:43:05]} bxa4 {[%clk
0:44:35]} 17. Bxa4 {[%clk 0:39:50]} O-O-O {[%clk 0:44:12]} 18. c4 {[%clk
0:38:43]} Kb8 {[%clk 0:43:59]} 19. Rc1 {[%clk 0:34:23]} Bc5 {[%clk 0:42:54]} 20.
Kf1 {[%clk 0:22:08]} Qb6 {[%clk 0:38:03]} 21. Qe1 {[%clk 0:22:27]} Bb4 {[%clk
0:38:23]} 22. Bxb4 {[%clk 0:21:34]} axb4 {[%clk 0:36:28]} 23. Qf2 {[%clk
0:17:41]} Kc7 {[%clk 0:30:51]} 24. Bb3 {[%clk 0:14:50]} Qd4 {[%clk 0:25:46]} 25.
Qxd4 {[%clk 0:10:55]} exd4 {[%clk 0:26:11]} 26. Nf2 {[%clk 0:09:31]} Nd7 {[%clk
0:21:22]} 27. c5 {[%clk 0:09:53]} Ne5 {[%clk 0:21:21]} 28. Ke2 {[%clk 0:06:42]}
Ra8 {[%clk 0:21:33]} 29. h4 {[%clk 0:05:56]} Ra5 {[%clk 0:19:03]} 30. cxd6+
{[%clk 0:06:09]} Kxd6 {[%clk 0:19:25]} 31. g5 {[%clk 0:05:46]} hxg5 {[%clk
0:18:22]} 32. hxg5 {[%clk 0:06:13]} Raa8 {[%clk 0:18:47]} 33. Rxh8 {[%clk
0:02:09]} Rxh8 {[%clk 0:19:10]} 34. Rh1 {[%clk 0:02:33]} Rxh1 {[%clk 0:19:12]}
35. Nxh1 {[%clk 0:03:01]} Ba6 {[%clk 0:18:20]} 36. Nf2 {[%clk 0:03:29]} c5 {[%clk
0:15:02]} 37. Bd5 {[%clk 0:03:36]} Bb5 {[%clk 0:14:23]} 38. Bb3 {[%clk 0:01:15]}
Ba6 {[%clk 0:13:30]} 39. Bd5 {[%clk 0:00:50]} Bb5 {[%clk 0:12:22]} 40. Bb3 {[%clk
0:31:06]} Ba6 {[%clk 0:42:38]} 41. Bd5 {[%clk 0:31:06]} 1/2-1/2